000 00454nam a2200145Ia 4500
008 211109s9999||||xx |||||||||||||| ||und||
082 _a894.8121
_bKER-M
100 _aKerala University,
245 0 _aMalayala Mangari
260 _bHodderpaperbacks
_aThrissur
_c1976
300 _a151p.
630 _xgeneral stack
650 _a Literature & rhetoric
_vLiteratures of other languages
_xAltaic, Uralic, Hyperborean & Dravidian Generalia
942 _cBOOK
999 _c65183
_d65183